000 00343nam a2200145Ia 4500
008 230917s9999||||xx |||||||||||||| ||und||
040 _e48196
_aMAIN
041 _aEnglish
082 _a843.8 G361F
100 _aGide, Andre
245 0 _aFruits of the earth
260 _aMiddlesex
_bPenguin Books
_c1976
300 _a219 p.
942 _cBK
999 _c161067
_d161067